000 01481cac a2200397 i 4500
003 EG-GICUC
005 20260121101545.0
008 000328s2001 enka frb 001 0 eng d
020 _a052162214X
_qhbk.
020 _a0521627281
_qpbk.
020 _a9780521627283
_q(pbk.)
040 _aDLC
_cDLC
_dDLC
_dEG-GICUC
_beng
_erda
050 0 0 _aRC455.4.G4
_bG437 2001
082 0 0 _a343.622
_221
092 0 4 _221
099 _aLaw 10 2001
245 0 0 _aGenetics and criminal behavior /
_cedited by David Wasserman, Robert Wachbroit.
264 _aCambridge, UK ;
_aNew York, NY, USA :
_bCambridge University Press,
_c2001.
300 _axi, 335 page :
_billustrations ;
_c24 cm.
336 _atext
_btxt
_2rdacontent
337 _aunmediated
_bn
_2rdamedia
338 _avolume
_bnc
_2rdacarrier
440 0 _aCambridge studies in philosophy and public policy
504 _aIncludes bibliographical references and index.
650 0 _aMental illness
_xGenetic aspects.
650 0 _aBehavior genetics.
650 0 _aCriminal behavior
_xGenetic aspects.
650 0 _aCriminal behavior, Prediction of.
700 1 _aWasserman, David T.
700 1 _aWachbroit, Robert Samuel.
856 4 2 _uhttps://fll.law.cu.edu.eg/fulltext/bks/ENGB10-00112.pdf
856 4 2 _3Publisher description
_uhttp://www.loc.gov/catdir/description/cam021/00037821.html
856 4 1 _3Table of contents
_uhttp://www.loc.gov/catdir/toc/cam025/00037821.html
905 _a10
942 _2ddc
_cBK
_e21
_n0
999 _c52959
_d52959